Naural philosophy : from social brains to knowledge, reality, morality, and beauty (Record no. 83017)

MARC details
000 -LEADER
fixed length control field 00715 a2200229 4500
003 - CONTROL NUMBER IDENTIFIER
control field CBULib
005 - DATE AND TIME OF LATEST TRANSACTION
control field 20250612082006.0
008 - FIXED-LENGTH DATA ELEMENTS--GENERAL INFORMATION
fixed length control field 231117b |||||||| |||| 00| 0 eng d
020 ## - INTERNATIONAL STANDARD BOOK NUMBER
International Standard Book Number 9780197619681
040 ## - CATALOGING SOURCE
Language of cataloging English
Transcribing agency CBULib
Description conventions rda
050 ## - LIBRARY OF CONGRESS CALL NUMBER
Classification number BD 418.3 Tha
100 ## - MAIN ENTRY--PERSONAL NAME
Personal name Thagard, Paul
245 ## - TITLE STATEMENT
Title Naural philosophy : from social brains to knowledge, reality, morality, and beauty
260 ## - PUBLICATION, DISTRIBUTION, ETC. (IMPRINT)
Name of publisher, distributor, etc Oxford University Press,
Date of publication, distribution, etc 2019
Place of publication, distribution, etc New York :
300 ## - PHYSICAL DESCRIPTION
Extent xviii, 752300 : illustrations
336 ## - CONTENT TYPE
Source rdacontent
Content type term Text |
Content type code txt
337 ## - MEDIA TYPE
Source rdamedia
Media type term Unmediated |
Media type code n
338 ## - CARRIER TYPE
Source rdacarrier
Carrier type term Volume
Carrier type code nc
650 #0 - SUBJECT ADDED ENTRY--TOPICAL TERM
9 (RLIN) 801
Topical term or geographic name as entry element PHILOSOPHY OF MIND
650 #0 - SUBJECT ADDED ENTRY--TOPICAL TERM
9 (RLIN) 1071
Topical term or geographic name as entry element COGNITIVE SCIENCE
942 ## - ADDED ENTRY ELEMENTS (KOHA)
Source of classification or shelving scheme
Koha item type MONOGRAPH
Holdings
Withdrawn status Lost status Source of classification or shelving scheme Damaged status Not for loan Collection code Permanent Location Current Location Shelving location Date acquired Source of acquisition Cost, normal purchase price Total Checkouts Full call number Barcode Date last seen Copy number Price effective from Koha item type
          Main Library Open Access Collection CBU-MAIN LIBRARY, KITWE. CBU-MAIN LIBRARY, KITWE. General Stacks 11/17/2023 DON-BOOKAID 28.32   BD 418.3 Tha 752300 11/17/2023 1 11/17/2023 MONOGRAPH